000 02014cam a2200313 4500500
005 20251228052820.0
041 _afre
042 _adc
100 1 0 _aLuzi, Jacques
_eauthor
245 0 0 _aLa guerre, les « ressources » et le climat
260 _c2016.
500 _a85
520 _aLes États occidentaux se sont établis sur la base de la collaboration entre la contrainte et le capital, qui leur a garanti la mainmise sur les ressources mondiales au sein d’un système interétatique inégalitaire. Au-delà du spectacle d’accords internationaux non contraignants, au-delà du mythe du « doux commerce » légitimant la mondialisation du capital et l’emprise néocoloniale de l’Occident, la crise écologique actuelle, loin de remettre en cause cette logique de fonctionnement, en attise le caractère belliqueux. La guerre, plus que jamais, demeure l’horizon indépassable de la modernité.
520 _aThe Western nations are based on the co-operation between coercion and capital. This co-operation secures long-term access to the global resources in an unequal interstate system. Beyond the smokescreen of the non-binding international agreements, beyond the myth of “soft trade” which legitimates the globalization of capital and Western neocolonial ascendancy, the present ecological crisis, far from questioning this functioning, exacerbates its belligerent nature. More than ever, war is the impassable horizon of modernity.
690 _acapital
690 _aclimat
690 _aContrainte
690 _aépuisement généralisé
690 _aguerre interétatique
690 _aguerre sociale
690 _acapital
690 _aclimate
690 _aCoercion
690 _aglobal depletion
690 _ainterstate war
690 _asocial war
786 0 _nÉcologie & Politique | 53 | 2 | 2016-12-01 | p. 73-88 | 1166-3030
856 4 1 _uhttps://shs.cairn.info/revue-ecologie-et-politique-2016-2-page-73?lang=fr&redirect-ssocas=7080
999 _c1584585
_d1584585